| 000 | 00514nam a22001817a 4500 | ||
|---|---|---|---|
| 005 | 20240208065629.0 | ||
| 008 | 240208b |||||||| |||| 00| 0 eng d | ||
| 020 | _a9789982950190 | ||
| 040 |
_aKMU _cKMU _dKMU _erda |
||
| 050 | _aBF 503 | ||
| 100 | _aChoolwe,Choolwe M. | ||
| 245 |
_aYou are more intelligent than you know / _cChoolwe,Choolwe M. |
||
| 260 |
_aLusaka : _bGospel Envoys' Church, _c2016. |
||
| 300 |
_axiv, 90 p. : _c19 cm |
||
| 650 | _aIntelligence. | ||
| 650 | _aInspiratiopnal. | ||
| 942 |
_2lcc _cBK _n0 |
||
| 999 |
_c986 _d986 |
||